Momo : o la extraña historia de los ladrones del tiempo y de la niña que devolvió el tiempo a los hombres /

-д хадгалсан:
Номзүйн дэлгэрэнгүй
Үндсэн зохиолч: Ende, Michael (autor)
Бусад зохиолчид: Constante, Susana (traducción) (traducción)
Формат: Ном
Хэл сонгох:испани
Хэвлэсэн: México : Alfaguara, 1995, c1987
Цуврал:(Alfaguara Juvenil ; 19)
Нөхцлүүд:
Шошгууд: Шошго нэмэх
Шошго байхгүй, Энэхүү баримтыг шошголох эхний хүн болох!

MARC

LEADER 00000nam^a2200000^a^4500
001 000019163
005 20250521000000.0
009 20260310084246.877
020 |a 968-34-0276-3 
020 |a 968-19-0255-6 
037 |a Acervo ITESO - Biblioteca 
041 |a ESP 
082 |a 808. 899282  |b END 
100 |a Ende, Michael  |e (autor) 
240 1 1 |a [Momo] 
245 1 0 |a Momo :  |b o la extraña historia de los ladrones del tiempo y de la niña que devolvió el tiempo a los hombres /  |c M. Ende ; tr. por S. Constante. 
246 2 |a Título en la cubierta: Momo 
264 4 |a México :  |b Alfaguara,  |c 1995, c1987 
300 |a 255 p. 
336 |a texto  |b txt  |2 rdacontenido 
337 |a sin mediación  |b n  |2 rdamedio 
338 |a volumen  |b nc  |2 rdasoporte 
440 1 |a (Alfaguara Juvenil ;  |v 19) 
500 |a Traducción de: Momo oder Die seltsame Geschichte von den Zeit-Dieben und von dem Kind, das den Menschen die gestohlene Zeit zurückbrachte 
545 0 |a Michael Ende (1929-1995), actor profesional, crítico de cine y reconocido escritor alemán de literatura infantil y juvenil de corte fantástico. Hijo del pintor surrealista Edgar Ende, recibió una esmerada educación artística y humanística que, junto a sus vivencias de la Segunda Guerra Mundial, hicieron que buscara la belleza, la humanidad y la armonía en su narrativa. Renovador y reivindicador de la literatura fantástica para niños de la segunda mitad del siglo XX, recibió fuertes reproches por alejarse de la creación comprometida con la realidad, ante los cuales Ende defendió el uso de la fantasía (de corte surrealista, cargada de referencias filosóficas y literarias) como vía para integrarse a la realidad y como crítica del mundo tecnificado y consumista, al estilo de los escritores románticos del siglo XIX. A lo largo de su obra se encuentran referencias al teatro, sea porque se usa su estructura o porque es el tema central. Fue reconocido con los premios Deutscher Jugendbuchpreis (1974), Janusz Korczak (1981) y Lorenzo el Magnifico (1982). Entre otras, es autor de los libros infantiles Jim Knopf; Lucas el maquinista; El tragasueños; El secreto de Lena; El ponche de los deseos; Momo y La historia interminable; así como de los libros adultos El espejo en el espejo y El libro de los monicacos. 
649 |a XX 
650 |a Niños en la Literatura 
650 |a Novela Alemana 
650 |a Literatura Alemana -  |y Siglo XX 
650 |a Literatura Infantil -  |z Alemania 
650 |a Literatura Juvenil -  |z Alemania 
650 |a Literatura Fantástica -  |z Alemania 
650 |a Espacio y Tiempo en la Literatura 
650 |a Literatura y Sociedad -  |z Alemania 
700 |a Constante, Susana  |e (traducción) 
910 |a Fondo General 
920 |a Impresos - Libros 
930 |a Colección General 
940 |a Literatura 
905 |a 101 
901 |a 0500001513  |b IT1  |c LIT  |i 019163  |u 20250521 
901 |a 0500009021  |b IT1  |c LIT  |u 20250521 
901 |a 0500174524  |b IT1  |c LIT  |u 20250521 
902 |a https://opac.biblio.iteso.mx/vufind/Record/000019163